Religion in South Asia (Record no. 65328)

MARC details
000 -LEADER
fixed length control field 00213nam a22001097a 4500
082 ## - DEWEY DECIMAL CLASSIFICATION NUMBER
Classification number 291.954ODD
100 ## - MAIN ENTRY--AUTHOR NAME
Personal name ODDIE
245 ## - TITLE STATEMENT
Title Religion in South Asia
260 ## - PUBLICATION, DISTRIBUTION, ETC. (IMPRINT)
Place of publication Manohar
Year of publication 1991
300 ## - PHYSICAL DESCRIPTION
Number of Pages 272p
942 ## - ADDED ENTRY ELEMENTS (KOHA)
Koha item type Books
Holdings
Withdrawn status Lost status Home library Current library Date acquired Full call number Accession Number Koha item type
    Central Library, QUEST, Nawabshah Central Library, QUEST, Nawabshah 10/07/2019 291.954ODD R16991 Books